000 00290nam a2200109 4500
999 _c9612
_d9612
008 180712b ||||| |||| 00| 0 eng d
245 _aRestorative devices donated.
260 _aDavao City
_bSun Star Davao
_cc2016
300 _apage 10.
650 0 _928545
_aPublic welfare.
942 _2ddc
_cPER